| 000 | 00579cam a2200193 a 4500 | ||
|---|---|---|---|
| 001 | 000000968 | ||
| 005 | 20200929145445.0 | ||
| 008 | 770826s1968 sp 000 0 spa d | ||
| 040 |
_aDO-SdBNP _bspa _cBNPHU _cBNPHU |
||
| 082 |
_a863.6 _bM676n, 1968 |
||
| 100 | 1 |
_aMiro, Gabriel, _d1879-1930. _93414 |
|
| 245 | 1 | 0 |
_aNuestro Padre San Daniel / _cGabriel Miró. |
| 250 | _a5a ed. | ||
| 260 |
_aMadrid : _bBiblioteca nueva, _c1968. |
||
| 300 |
_a275 p. ; _c19 cm. |
||
| 650 | 4 |
_aNovela española _91123 |
|
| 650 | 4 |
_aNovela religiosa española _93415 |
|
| 650 | 4 |
_aLiteratura española _9632 |
|
| 999 |
_c957 _d957 |
||